| 000 | 00948nam a22002657a 4500 | ||
|---|---|---|---|
| 005 | 2011080406576.0 | ||
| 008 | 090728t xxu||||| |||| 00| 0 pun d | ||
| 010 | _aPUN-7031 | ||
| 020 |
_c125.00 _a818916807x |
||
| 035 | _aPN-6149 | ||
| 037 | _bDBAD / PUB | ||
| 040 |
_adpl _bpn |
||
| 082 | _a260 | ||
| 100 |
_924414 _aਭੁਪਿੰਦਰ ਸਿੰਘ |
||
| 245 |
_aਰੱਬੀ ਗੁਣ / _cਭੁਪਿੰਦਰ ਸਿੰਘ |
||
| 246 |
_aRabbi Gun _bby Bhupinder Singh |
||
| 260 |
_aNew Delhi _bThe Living Treasure _c2005 |
||
| 270 |
_a-- _bNew Delhi _k011-30950644 _mcontact@thelivingtreaure.com |
||
| 300 | 4 |
_a72ਸਫੇ. _c22ਸੇਂਮੀ (ਸਜਿਲੱਦ) |
|
| 600 | _931401 | ||
| 650 | _924431 | ||
| 700 | _933297 | ||
| 942 |
_2ddc _cPN _h260 _mਭੁਪਿੰਦ |
||
| 999 |
_c55882 _d55882 |
||